Nemzetiség és hit viszonya az erdélyi szászoknál Wilhelm Staedel püspöksége idején (1941-1944)

Elmentve itt :
Bibliográfiai részletek
Szerző: SZEGEDI Edit
Adatforrás:Meister
Forrásdokumentuma:Korunk. -
11 sz., 1994, 71-76 p.
Nyelv:magyar
Kulcsszavak:politikatörténet
vallás
szászok (romániai)
nemzetiség & vallás
hit
egyház & nácizmus
nácizmus & egyház
kisebbségi kérdés
németek (romániai)
németek
nácizmus
egyház
vallás & nemzetiség
STAEDEL Wilhelm
LEADER 00844nab a2200289 i 4500
001 bibPRO00000165
008 060524s1994 xx hun
040 |a Sz1 
041 |a hun 
100 1 |a SZEGEDI Edit 
245 1 0 |a Nemzetiség és hit viszonya az erdélyi szászoknál Wilhelm Staedel püspöksége idején (1941-1944)  |c SZEGEDI Edit 
695 |a politikatörténet 
695 |a vallás 
695 |a szászok (romániai) 
695 |a nemzetiség & vallás 
695 |a hit 
695 |a egyház & nácizmus 
695 |a nácizmus & egyház 
695 |a kisebbségi kérdés 
695 |a németek (romániai) 
695 |a németek 
695 |a nácizmus 
695 |a egyház 
695 |a vallás & nemzetiség 
695 |a vallás 
695 |a STAEDEL Wilhelm 
773 0 |t Korunk. -  |g 11 sz., 1994, 71-76 p.